[Event "Challenge"]
[Site "http://www.queenalice.com/game.php?id=389778"]
[Date "2008.4.18"]
[Round "-"]
[White "pierjean"]
[Black "TannTalas"]
[Result "1-0"]
[WhiteElo "1359"]
[BlackElo "1442"]

1. e4 e5 2. Nf3 Qe7 3. Bc4 Nf6 4. d3 a6 5. Bg5 Qb4+ 6. Nc3 Ng4 7. O-O d6 8. Nd5
Qc5 9. c3 Bd7 10. h3 Nh6 11. b4 Qa7 12. Nxc7# 1-0

[Event "Challenge"]
[Site "http://www.queenalice.com/game.php?id=411392"]
[Date "2008.6.1"]
[Round "-"]
[White "emrahmalmsteen"]
[Black "TannTalas"]
[Result "0-1"]
[WhiteElo "1337"]
[BlackElo "1432"]

1. d4 g6 2. c4 Bg7 3. Nc3 b6 4. Nf3 Bb7 5. e3 e6 6. Be2 Nf6 7. O-O d6 8. Bd3 h5
9. e4 c5 10. Bg5 Qc7 11. dxc5 bxc5 12. Qc2 Ng4 13. h3 Ne5 14. Nxe5 dxe5 15. Rad1
f6 16. Be3 O-O 17. a3 f5 18. Nb5 Qe7 19. f4 a6 0-1

[Event "teaching too"]
[Site "http://www.queenalice.com/game.php?id=413762"]
[Date "2008.6.5"]
[Round "-"]
[White "Alacrity"]
[Black "TannTalas"]
[Result "0-1"]
[WhiteElo "1755"]
[BlackElo "1444"]

1. e4 e5 2. Nf3 Nc6 3. Nc3 Nf6 4. Bc4 Nxe4 5. Nxe4 d5 6. Bd3 dxe4 7. Bxe4 Bd6 8.
O-O Qf6 9. Bxc6+ bxc6 10. Re1 O-O 11. d4 Bg4 12. dxe5 Bxe5 13. Qd7 Bxh2+ 14.
Kxh2 Bxd7 15. Rd1 Bg4 16. Rd3 Rfe8 17. Rb1 Bf5 18. Bg5 Qg6 19. Rd4 Re4 20. Rxe4
Bxe4 21. Be3 Bxf3 22. gxf3 Rb8 23. Bxa7 Rb5 24. a4 Rh5# 0-1

[Event "Challenge"]
[Site "http://www.queenalice.com/game.php?id=419435"]
[Date "2008.6.18"]
[Round "-"]
[White "luiz_gustavo"]
[Black "TannTalas"]
[Result "1-0"]
[WhiteElo "1534"]
[BlackElo "1444"]

1. e4 e5 2. Nf3 Nc6 3. Bb5 a6 4. Bxc6 bxc6 5. Nc3 d6 6. d3 Nf6 7. h3 c5 8. O-O
Nh5 9. Nxe5 dxe5 10. Qxh5 g6 11. Qxe5+ Qe7 12. Qxh8 f6 13. Nd5 Qg7 14. Qxg7 Bxg7
15. Nxc7+ 1-0

[Event "Twice in a row??"]
[Site "http://www.queenalice.com/game.php?id=425926"]
[Date "2008.7.1"]
[Round "-"]
[White "Evolution"]
[Black "TannTalas"]
[Result "0-1"]
[WhiteElo "1501"]
[BlackElo "1472"]

1. g3 d5 2. Bg2 Nf6 3. Nc3 g6 4. d3 b6 5. e4 c6 6. exd5 cxd5 7. Nb5 Bg4 8. f3
Bd7 9. c4 a6 10. Nc3 d4 11. Nd5 Nxd5 12. cxd5 Bg7 13. Bg5 Bc8 14. f4 Bb7 15. Qe2
f6 16. Bh4 Bxd5 17. Bxd5 Qxd5 18. Nf3 Nc6 19. g4 O-O 20. Rg1 e5 21. fxe5 Nxe5
22. Rg3 g5 23. Nxg5 fxg5 24. Bxg5 Qh1+ 25. Kd2 Qxa1 26. Qe4 Rf2+ 27. Qe2 Qxb2+
28. Kd1 Qxe2+ 29. Kc1 Qc2# 0-1

[Event "Challenge"]
[Site "http://www.queenalice.com/game.php?id=435936"]
[Date "2008.7.19"]
[Round "-"]
[White "TannTalas"]
[Black "Alacrity"]
[Result "1-0"]
[WhiteElo "1489"]
[BlackElo "1738"]

1. e4 e5 2. Nf3 f5 3. Nxe5 Qf6 4. d4 d6 5. Nc4 fxe4 6. Nc3 Bf5 7. Ne3 Ne7 8.
Nxf5 Nxf5 9. Nd5 Qf7 10. Bc4 c6 11. Nb6 d5 12. Nxa8 dxc4 13. f3 exf3 14. Qxf3
Nxd4 15. Qe3+ Qe7 16. Kd1 Nf5 17. Qxa7 Qd6+ 18. Bd2 c3 19. bxc3 Be7 20. g4 Nh6
21. Rb1 O-O 22. Rxb7 Qd5 23. Re1 Rd8 24. Qe3 Nxg4 25. Qe2 Ba3 26. Nc7 Qh5 27.
Qe6+ Kf8 28. Rf1+ Nf6+ 29. Qe2 Qxe2+ 30. Kxe2 Kf7 31. Na6+ Nd7 32. Nb4 Re8+ 33.
Kd1 Kg8 34. Ra7 Bxb4 35. cxb4 Ne5 36. Bc3 c5 37. bxc5 Nc6 38. Rc7 Rd8+ 39. Kc1
Nd4 40. Bxd4 Rxd4 41. Rd1 Rxd1+ 42. Kxd1 Nd5 43. Rb7 Kf8 44. c6 Ne7 45. Rb8+ Kf7
46. c7 g5 47. Rh8 1-0

[Event "Challenge"]
[Site "http://www.queenalice.com/game.php?id=441575"]
[Date "2008.7.30"]
[Round "-"]
[White "markin"]
[Black "TannTalas"]
[Result "0-1"]
[WhiteElo "1393"]
[BlackElo "1550"]

1. e4 c6 2. Nf3 d5 3. Nc3 dxe4 4. Nxe4 Nf6 5. Bc4 Nxe4 6. O-O Nd6 7. a3 Nxc4 8.
d3 Nd6 9. Bf4 f6 10. h3 e5 11. Qe2 Be7 12. Bd2 O-O 13. Rae1 Na6 14. b3 Nf5 15.
g4 Nd4 16. Nxd4 Qxd4 17. Qf3 Qb2 18. Re2 Qxc2 19. Bb4 Nxb4 20. Rxc2 Nxc2 21. Qe4
Be6 22. Qc4 Bxc4 23. Rc1 Bxb3 24. Rb1 Nd4 0-1

[Event "Third times the charm"]
[Site "http://www.queenalice.com/game.php?id=445951"]
[Date "2008.8.8"]
[Round "-"]
[White "TannTalas"]
[Black "Evolution"]
[Result "1-0"]
[WhiteElo "1507"]
[BlackElo "1484"]

1. c4 b6 2. Nc3 Bb7 3. d4 g6 4. e4 Bg7 5. Nf3 f5 6. exf5 gxf5 7. Be2 d6 8. Ng5
Qd7 9. d5 h6 10. Bh5+ Kf8 11. Ne6+ Qxe6+ 12. dxe6 Bxg2 13. Rg1 Bb7 14. Qd3 Nf6
15. Qxf5 Kg8 16. Rxg7+ Kf8 17. Qg6 Nxh5 18. Qf7# 1-0

[Event "Charge of the white Brigade "]
[Site "http://www.queenalice.com/game.php?id=449547"]
[Date "2008.8.16"]
[Round "-"]
[White "TannTalas"]
[Black "Alacrity"]
[Result "0-1"]
[WhiteElo "1515"]
[BlackElo "1712"]

1. Nf3 d5 2. g3 Nf6 3. Bg2 c5 4. O-O e6 5. b3 Nc6 6. d4 cxd4 7. Nxd4 Bc5 8. e3
O-O 9. Bb2 Bd7 10. Nd2 Be8 0-1

[Event "Challenge"]
[Site "http://www.queenalice.com/game.php?id=449616"]
[Date "2008.8.16"]
[Round "-"]
[White "flaviovieira"]
[Black "TannTalas"]
[Result "0-1"]
[WhiteElo "1746"]
[BlackElo "1525"]

1. e3 d5 2. d4 Bf5 3. Nf3 e6 4. Nc3 Nf6 5. h3 Bd6 6. Be2 h6 7. a4 O-O 8. a5 a6
9. O-O Nc6 10. Nh4 Bh7 11. f4 Bb4 12. Bd2 Qd6 13. Nb1 Ne4 14. Bxb4 Qxb4 15. c3
Qxb2 16. Na3 Nxc3 0-1

[Event "Challenge"]
[Site "http://www.queenalice.com/game.php?id=464104"]
[Date "2008.9.16"]
[Round "-"]
[White "TannTalas"]
[Black "CampbellMarcel"]
[Result "1-0"]
[WhiteElo "1560"]
[BlackElo "1793"]

1. c4 e5 2. g3 Bc5 3. e3 Nf6 4. d4 exd4 5. exd4 Qe7+ 6. Be3 Bb4+ 7. Nc3 Ne4 8.
Ne2 O-O 9. Bg2 f5 10. O-O Bxc3 11. bxc3 b6 12. Nf4 Nxc3 13. Qc1 Ne4 14. Nd5 Qd6
15. Bf4 Qxd5 16. cxd5 Ba6 17. Re1 d6 18. Bxe4 fxe4 19. Qxc7 Bd3 20. Bxd6 Re8 21.
Be5 Rxe5 22. Qc8+ Kf7 23. dxe5 Kg6 24. Qe6+ Kh5 25. Qf5+ g5 26. Qxh7+ 1-0

[Event "Challenge"]
[Site "http://www.queenalice.com/game.php?id=478241"]
[Date "2008.10.16"]
[Round "-"]
[White "CampbellMarcel"]
[Black "TannTalas"]
[Result "0-1"]
[WhiteElo "1907"]
[BlackElo "1585"]

1. e4 e5 2. Nf3 Nc6 3. Nc3 g6 4. Bc4 Bg7 5. O-O d6 6. h3 Nf6 7. d4 exd4 8. Nxd4
Nxd4 9. Qxd4 O-O 10. Bg5 h6 11. Bxf6 Bxf6 12. Qd5 c6 13. Qd2 b5 14. Bd3 a5 15.
Qxh6 Bg5 16. Qxf8+ Qxf8 17. f4 Bf6 18. e5 dxe5 19. fxe5 Bxe5 20. Bxg6 Qc5+ 21.
Kh1 fxg6 22. Ne4 Qxc2 23. Ng5 Qxb2 24. Rad1 Qxa2 25. Rd8+ Kg7 26. Rf7+ Kh6 27.
Rh7+ Kxg5 28. h4+ Kf4 29. Rf8+ Bf5 30. Rxa8 Kg3 0-1

[Event "Challenge"]
[Site "http://www.queenalice.com/game.php?id=478457"]
[Date "2008.10.17"]
[Round "-"]
[White "flaviovieira"]
[Black "TannTalas"]
[Result "0-1"]
[WhiteElo "1666"]
[BlackElo "1614"]

1. e4 e5 2. Nf3 Nc6 3. Bb5 Bc5 4. Bxc6 dxc6 5. a3 f5 6. exf5 Bxf5 7. O-O e4 8.
Re1 Nf6 9. d4 O-O 10. Nh4 Bg4 11. f3 Bxd4+ 12. Kf1 Be6 13. fxe4 Bc4+ 14. Re2
Ng4+ 15. Ke1 Bxe2 16. Qxe2 Bf2+ 17. Kf1 Be3+ 18. Nf5 Nxh2+ 19. Ke1 Bxc1 20. Nc3
Rxf5 21. exf5 Qh4+ 22. Kd1 Bg5 23. Qe6+ Kh8 24. Ke2 Qg4+ 25. Kd3 Rd8+ 26. Nd5
Rxd5+ 27. Kc3 Qd4+ 28. Kb3 Rb5+ 29. Ka2 Qxb2# 0-1

[Event "Challenge"]
[Site "http://www.queenalice.com/game.php?id=478528"]
[Date "2008.10.17"]
[Round "-"]
[White "luiz_gustavo"]
[Black "TannTalas"]
[Result "0-1"]
[WhiteElo "1847"]
[BlackElo "1632"]

1. e4 e5 2. Nf3 Nc6 3. Bb5 Nf6 4. Nc3 Nd4 5. d3 Nxb5 6. Nxb5 c6 7. Nc3 d5 8. O-O
Bd6 9. Bg5 d4 10. Ne2 Bg4 11. Ng3 h6 12. Bxf6 Qxf6 13. Nf5 Bxf5 14. exf5 Qxf5
15. Re1 O-O 16. Nh4 Qf6 17. Re4 Qe6 18. c3 dxc3 19. bxc3 f5 20. Re2 e4 21. dxe4
fxe4 22. Qb3 Qxb3 23. axb3 g5 24. Rd1 Rad8 25. Ng6 Bc5 26. Rxd8 Rxd8 27. h3 Rd1+
28. Kh2 Bd6+ 29. g3 Kg7 30. Rxe4 Kxg6 31. Kg2 Kf5 32. Re8 Rd3 33. g4+ Kf6 34.
Re3 Rxe3 35. fxe3 a5 36. Kf3 Ke5 37. c4 Bb4 38. Ke2 Ke4 0-1

[Event "Brazucas"]
[Site "http://www.queenalice.com/game.php?id=975196"]
[Date "2011.8.21"]
[Round "-"]
[White "AnandaS"]
[Black "TannTalas"]
[Result "0-1"]
[WhiteElo "1272"]
[BlackElo "1657"]

1. e4 e6 2. Qf3 d5 3. Nc3 d4 4. Nb5 a6 5. Na3 Nc6 6. Ne2 Nf6 7. Nf4 Ne5 8. Qb3
Nxe4 9. Qa4+ Nc6 10. d3 Nc5 11. Qc4 Ne5 12. Ne2 Nxc4 13. Nxc4 Be7 14. a4 b6 15.
a5 b5 16. Nd2 e5 17. Ng3 Bb7 18. Nf5 Ne6 19. c3 dxc3 20. bxc3 Nf4 21. f3 Nxd3+
22. Kd1 Nf2+ 23. Kc2 Nxh1 24. Ne4 g6 25. Be3 gxf5 26. Nd2 Bg5 27. f4 Bxf4 28.
Bc5 Qxd2+ 0-1

[Event "Challenge"]
[Site "http://www.queenalice.com/game.php?id=982456"]
[Date "2011.9.7"]
[Round "-"]
[White "albemo"]
[Black "TannTalas"]
[Result "0-1"]
[WhiteElo "1668"]
[BlackElo "1661"]

1. f4 Nf6 2. Nf3 d5 3. e3 e6 4. b3 Bd6 5. Be2 O-O 6. O-O Bd7 7. Bb2 c5 8. d3 d4
9. exd4 Bxf4 10. dxc5 Ng4 11. Bc1 Be3+ 12. Kh1 Nf2+ 13. Rxf2 Bxf2 14. d4 Bc6 15.
Bg5 f6 16. Bd2 Bxd4 17. Nxd4 Qxd4 18. Na3 Nd7 19. Qe1 Nxc5 20. Nc4 Ne4 21. Be3
Qc3 22. Qf1 b5 0-1